| 000 | 00422nam a2200145Ia 4500 | ||
|---|---|---|---|
| 008 | 220217s9999||||xx |||||||||||||| ||und|| | ||
| 020 | _a9780070141100 | ||
| 082 | _a624.1834 PIL | ||
| 100 | _aPillai, Unnikrishna, S and Menon, Devdas | ||
| 245 | 0 | _aReinforced concrete design | |
| 250 | _a3 | ||
| 260 |
_aMcgraw hill book company _bNew Delhi _c2016 |
||
| 300 |
_aXVIII, 962p. _b650 |
||
| 650 | _aCONCRETE TECHNOLOGY | ||
| 999 |
_c187060 _d187060 |
||